Países Anfitriones de la Copa Mundial de FIFA - Estadísticas

Estadísticas generales
  • Esta prueba ha sido intentada 19.866 veces
    12.204 desde el último reinicio
  • La puntuación promedio es 21 de 23
Estadísticas de respuestas
Años Sede % Correcto
1982, 2030 España
99%
1950, 2014 Brasil
98%
1994, 2026 Estados Unidos
98%
1970, 1986, 2026 México
98%
2018 Rusia
98%
2006 Alemania
97%
1974 Alemania Occidental
97%
2026 Canadá
97%
2022 Catar
97%
1938, 1998 Francia
97%
2030 Portugal
96%
2010 Sudáfrica
96%
1978 Argentina
95%
1934, 1990 Italia
95%
2002 Japón
94%
2030 Marruecos
93%
1930 Uruguay
93%
2002 Corea del Sur
91%
1966 Inglaterra
90%
1962 Chile
77%
2034 Arabia Saudita
76%
1958 Suecia
72%
1954 Suiza
66%
No se encontraron pruebas coincidentes
Distribución de puntuación
Porcentaje de gente con cada puntuación
Porcentaje por número respondido
Historial de tus puntuaciones
No has intentado esta prueba desde el último reinicio